UBT Library

CORPORATE AND OTHER BUSSINESS ASSOCIATION CASES AND MATERIALS (Record no. 36990)

000 -LEADER
fixed length control field 00343nam a22001337a 4500
008 - FIXED-LENGTH DATA ELEMENTS--GENERAL INFORMATION
fixed length control field 171101b xxu||||| |||| 00| 0 eng d
020 ## - INTERNATIONAL STANDARD BOOK NUMBER
International Standard Book Number 9780735557901
041 ## - LANGUAGE CODE
Language code of text/sound track or separate title eng
080 ## - UNIVERSAL DECIMAL CLASSIFICATION NUMBER
Edition identifier 5 ED
Universal Decimal Classification number 33
100 ## - Rafti
Rafti 59
101 ## - Shkurtesa
Shkurtesa BUS
245 ## - TITLE STATEMENT
Title CORPORATE AND OTHER BUSSINESS ASSOCIATION CASES AND MATERIALS
Statement of responsibility, etc THOMPSON.O.K
942 ## - ADDED ENTRY ELEMENTS (KOHA)
Source of classification or shelving scheme
Item type Books
Holdings
Withdrawn status Lost status Source of classification or shelving scheme Damaged status Not for loan Collection code Permanent location Current location Shelving location Date acquired Total Checkouts Full call number Barcode Date last seen Price effective from Koha item type
          Koleksioni i përgjithshem UBT - Lipjan UBT - Lipjan Koleksioni i përgjithshem 11/01/2017   33 THO 002-2935781 11/01/2017 11/01/2017 Books
UBT Library © 2015-2024. All rights reserved University Education for Business and Technology